000 00386nam a2200133Ia 4500
008 100328s9999 xx 000 0 und d
082 _b19570
100 _aमंत्री रमेश
245 _aस्वल्पविराम
260 _bसुमंगल
630 _aस्वल्पविराम
730 _aस्वल्पविराम
942 _cBOOK
999 _c513865
_d513862